000 00268nam a2200109Ia 4500
008 190216s9999||||xx |||||||||||||| ||und||
100 _aKoniyoor Narendra Nath
245 0 _aPuthiya Chakra Valangal
260 _bCurrent Books
650 _aEssay Malayalam
942 _cBK
999 _c24061
_d24061